000 01059nam a22002657a 4500
005 2011022207587.0
008 110222t xxu||||| |||| 00| 0 mar d
010 _aMAR-20625
020 _c170.00
035 _aMR-13283
037 _bDBAD / PUB
040 _aDPL
_bMR
082 _a891.46301
100 _aआफळे,सुनीति
_926164
245 _aबाहुल्या /
_cसुनीति आफळे
246 _aBahulaya
_bby Suniti Aphale
260 _aपुणे
_bप्रतिमा प्रकाशन
_c2010
270 _a1362,सदाशिव पेठ
_bपुणे
_e411030
300 _a176पृ
_c21सेमी(अजिल्द)
650 _aमराठी कथासंग्रह
_926255
650 _aMarathi Short Stotries
_926256
700 _926165
942 _2ddc
_cMR
_mआफळे,
_h891.46301
999 _c50770
_d50770